O menino da lua | Corre, corre, cabacinha (Registo nº 4495)

Detalhes MARC
000 -Etiqueta do registo
Cabeçalho 00853nam0a2200289 4500
005 - Identificador da versão
Campo de controlo 20240813122103.0
010 ## - Número internacional normalizado dos livros (ISBN)
Número (ISBN) 9789722120548
021 ## - Número do Depósito Legal
Código do país PT
Número 396670/15
100 ## - Dados gerais de processamento
Dados gerais de processamento 20171028d2015 c y0pory5003 ba
102 ## - Pais de publicação ou produção
País de publicação Portugal
101 0# - Língua de publicação
Língua do texto, banda sonora, etc. Português
215 ## - Descrição física 
Indicação específica da natureza do documento e extensão da espécie 26, [2] p.
Outras indicações físicas il. color
200 1# - Titulo e menção de responsabilidade
Título próprio O menino da lua
-- Corre, corre, cabacinha
Primeira menção de responsabilidade Alice Vieira
Outras menções de responsabilidade il. de Maria João Lopes
225 1# - Colecção 
Título próprio da colecção Histórias tradicionais portuguesas
205 ## - Menção da edição
Menção da edição 6ª ed
210 ## - Publicação, Distribuição, etc. 
Lugar da edição, distribuição, etc. Alfragide
Nome do editor, distribuidor, etc. Caminho
Data da publicação, distribuição, etc. D. L. 2015
300 ## - Notas gerais 
Texto da nota Metas Curriculares
Texto da nota PNL
606 ## - Nome comum usado como assunto
Número de registo de entrada de autoridade 0001335
Palavra de ordem Literatura portuguesa
Subdivisão de assunto Conto
Código do sistema CA
675 ## - Classificação Decimal Universal (CDU)
Notação 821.134.3-34
Edição 3ª ed.
Língua da edição por
702 #1 - Nome de autor-pessoa física (responsabilidade secundária)
Número de registo de entrada de autoridade 0000034
Palavra de ordem Lopes
Outra parte do nome não tomada para palavra de ordem Maria João
Código de função Ilustrador / Técnico de desenho computorizado
700 #1 - Nome de autor-pessoa física (responsabilidade principal)
Número de registo de entrada de autoridade 0000018
Palavra de ordem Vieira
Outra parte do nome não tomada para palavra de ordem Alice
Datas 1943-
966 ## - Identificação da Biblioteca
Sigla EBVEN
942 ## - Elementos de entrada adicionados (Koha)
Tipo de item no Koha Livro
Exemplares
Situação do levantamento Origin of item (home branch) (coded) Biblioteca de empréstimo Código de barras Cota Circulation type (not for loan) Tipo de documento Nota do exemplar Damaged status
  Biblioteca Escolar das Vendas Biblioteca Escolar das Vendas BEV2513 8POR VIE MET PNL   Livro Sem mensagem